| 000 | 00516nam a22001817a 4500 | ||
|---|---|---|---|
| 999 |
_c525861 _d525861 |
||
| 003 | NUST | ||
| 020 | _qPB/K | ||
| 038 | _aFaiza | ||
| 082 |
_a891.49101 _bZAH |
||
| 100 |
_aZahid, Asmatullah _916807 |
||
| 245 |
_aParkh Paragy / _cAsmatullah Zahid |
||
| 260 |
_aLahore : _bIdara Al-Tahrir, _c1980. |
||
| 300 | _a224 p. ; | ||
| 880 |
_6100-01\r _aعصمت اللہ زاھد |
||
| 880 |
_6245-02\r _aپرکھ پراگے / |
||
| 880 |
_6260-03\r _aلاہور : _bادارہ التحریر, _c۱۹۸۰. |
||
| 942 |
_2ddc _cBK |
||